000
00290nam a2200109Ia 4500
008
200302s9999 xx 000 0 und d
100
_a
Holland and Others
245
_a
Marketing By design Design driven Merchandising
260
_b
Rockpot Publishers Inc.
260
_c
1997
300
_a
245 P.,
999
_c
1218
_d
1218